000 00346 a2200145 4500
001 153658
040 _cEscola São Tomás de Aquino
100 _aVALE, Mario
240 1 0 _aO caçador, a onça e o pintor.
_lpor
245 1 0 _aO caçador, a onça e o pintor.
362 0 _a2007
440 1 _aRHJ
697 _a*LITERATURA INFANTO
942 _cBK
999 _c153658
_d153658